[Event "Open Ricany 2012"]
[Site "http://www.openricany.cz/"]
[Date "2012.08.26"]
[Round "2.1"]
[White "Groh, Jiri"]
[Black "Kulhanek, Tomas"]
[Result "0-1"]
[WhiteElo "2049"]
[BlackElo "2399"]
[PlyCount "66"]
[EventDate "2012.??.??"]

1. c4 e5 2. d3 Nf6 3. Nf3 Nc6 4. Nc3 g6 5. Bg5 h6 6. Bh4 g5 7. Bg3 d6 8. d4 e4
9. d5 exf3 10. dxc6 bxc6 11. exf3 Bg7 12. Bd3 O-O 13. O-O Rb8 14. f4 Ng4 15. h3
gxf4 16. Bxf4 Ne5 17. Bc2 Qh4 18. Qd2 Rxb2 19. Bxe5 Bxe5 20. f4 Bf6 21. Bh7+
Kxh7 22. Qxb2 Rg8 23. Qc2+ Kh8 24. Rad1 Bxh3 25. Rf2 Bg4 26. Rdd2 Re8 27. Rf1
c5 28. Nd5 Bd4+ 29. Rxd4 cxd4 30. Qd3 c5 31. g3 Rg8 32. Rf2 Be6 33. Rg2 Qh3 0-1

[Event "Open Ricany 2012"]
[Site "http://www.openricany.cz/"]
[Date "2012.08.26"]
[Round "2.2"]
[White "Mrna, Vladimir"]
[Black "Juptner, Jan"]
[Result "1/2-1/2"]
[WhiteElo "2045"]
[BlackElo "2378"]
[PlyCount "41"]
[EventDate "2012.??.??"]

1. Nf3 c5 2. c4 g6 3. e4 Bg7 4. d4 cxd4 5. Nxd4 Nc6 6. Be3 d6 7. Nc3 Nf6 8. Be2
O-O 9. O-O Bd7 10. Qd2 a5 11. f3 Nxd4 12. Bxd4 Bc6 13. Rfc1 Nd7 14. Be3 a4 15.
Rab1 Nc5 16. b4 axb3 17. axb3 Ra3 18. Bd1 Qa8 19. b4 Na4 20. Bxa4 Bxa4 21. Nd5
1/2-1/2

[Event "Open Ricany 2012"]
[Site "http://www.openricany.cz/"]
[Date "2012.08.26"]
[Round "2.3"]
[White "Vesselovski, Serguei"]
[Black "Voracek, Zdenek"]
[Result "1-0"]
[WhiteElo "2360"]
[BlackElo "2045"]
[PlyCount "34"]
[EventDate "2012.??.??"]

1. e4 Nf6 2. e5 Nd5 3. d4 d6 4. c4 Nb6 5. f4 Bf5 6. Nc3 e6 7. Nf3 dxe5 8. fxe5
Bb4 9. Bd3 Bxd3 10. Qxd3 c5 11. O-O Nc6 12. Ne4 cxd4 13. c5 Nd7 14. Nd6+ Ke7
15. Ng5 f6 16. exf6+ gxf6 17. Nxe6 Kxe6 1-0

[Event "Open Ricany 2012"]
[Site "http://www.openricany.cz/"]
[Date "2012.08.26"]
[Round "2.4"]
[White "Novak, Jindrich"]
[Black "Vojta, Tomas"]
[Result "0-1"]
[WhiteElo "2041"]
[BlackElo "2345"]
[PlyCount "76"]
[EventDate "2012.??.??"]

1. e4 d5 2. d3 c6 3. Bf4 Qb6 4. Qc1 g6 5. Nc3 d4 6. Nce2 e5 7. Bd2 Bg7 8. h4
Nf6 9. f3 h5 10. b3 Be6 11. g3 a5 12. a4 Na6 13. Bh3 Bd7 14. Bxd7+ Nxd7 15. g4
hxg4 16. fxg4 Nf6 17. g5 Ng4 18. Nf3 Nb4 19. Rg1 Ne3 20. Bxe3 dxe3 21. Qb2
O-O-O 22. O-O-O Qc5 23. Kb1 Rd6 24. Qc3 Qb6 25. Nxe5 Qc7 26. d4 Rxh4 27. Nc4
Re6 28. e5 Nd5 29. Qd3 Rh2 30. Nxe3 Nb4 31. Qc4 Bxe5 32. Ng4 Rxe2 33. Qxe2 Bxd4
34. Rh1 Rxe2 35. Rxd4 Qe7 36. Rh8+ Kc7 37. Nf6 Re1+ 38. Kb2 Qe3 0-1

[Event "Open Ricany 2012"]
[Site "http://www.openricany.cz/"]
[Date "2012.08.26"]
[Round "2.5"]
[White "Schmalz, Michal"]
[Black "Gregor, Jiri"]
[Result "1-0"]
[WhiteElo "2040"]
[BlackElo "2291"]
[PlyCount "47"]
[EventDate "2012.??.??"]

1. e4 c5 2. Nc3 d6 3. f4 g6 4. Nf3 Bg7 5. Bb5+ Bd7 6. Bc4 e6 7. d3 Nc6 8. Be3
Nge7 9. O-O a6 10. a4 Nd4 11. Ne2 Nxf3+ 12. Rxf3 b5 13. f5 gxf5 14. exf5 Nxf5
15. Rxf5 exf5 16. Bd5 Rb8 17. axb5 axb5 18. Nf4 h5 19. Qf3 Kf8 20. Ra7 Bc8 21.
b4 Bd4 22. Bxd4 cxd4 23. Qf2 Qf6 24. Ne2 {Dale necitelne.} 1-0

[Event "Open Ricany 2012"]
[Site "http://www.openricany.cz/"]
[Date "2012.08.26"]
[Round "2.6"]
[White "Skala, Jaromir"]
[Black "Chudinoskikh, Alexander M"]
[Result "0-1"]
[WhiteElo "2038"]
[BlackElo "2248"]
[PlyCount "100"]
[EventDate "2012.??.??"]

1. d4 Nf6 2. c4 e6 3. Nf3 c5 4. e3 d5 5. cxd5 exd5 6. Be2 Nc6 7. O-O a6 8. a4
Bd6 9. b3 O-O 10. dxc5 Bxc5 11. Ba3 b6 12. Bb2 Bf5 13. Nd4 Nxd4 14. Bxd4 Qd6
15. Bf3 Be4 16. Bxc5 bxc5 17. Nc3 Bxf3 18. Qxf3 Qe5 19. Rac1 Rab8 20. Ne2 Ne4
21. Rfd1 Rxb3 22. Nf4 Rd8 23. Qg4 h6 24. Nd3 Qe7 25. Nf4 d4 26. exd4 cxd4 27.
Rc8 Nf6 28. Ng6 Qe8 29. Rxd8 Qxd8 30. Qf5 Rb4 31. Ne5 Rxa4 32. Qd3 Nd5 33. Qf3
Nf6 34. Qb3 Qe8 35. Nxf7 Qb5 36. Qe6 Kh7 37. Ne5 Qe8 38. Qf5+ Kg8 39. Re1 Ra5
40. Qf4 Rd5 41. Nd3 Qd7 42. Qb8+ Kh7 43. Qb1 Qf5 44. Qb3 Ne4 45. Qc4 a5 46. f3
Nf6 47. Re7 a4 48. Nb4 Re5 49. Ra7 Qb1+ 50. Kf2 Qe1# 0-1

[Event "Open Ricany 2012"]
[Site "http://www.openricany.cz/"]
[Date "2012.08.26"]
[Round "2.7"]
[White "Hrdina, Robin"]
[Black "Kozak, Miloš"]
[Result "1/2-1/2"]
[WhiteElo "2024"]
[BlackElo "2195"]
[PlyCount "42"]
[EventDate "2012.??.??"]

1. e4 c6 2. d4 d5 3. exd5 cxd5 4. c4 Nf6 5. Nc3 Nc6 6. Nf3 Bg4 7. Be2 e6 8.
cxd5 Nxd5 9. O-O Be7 10. Be3 Nxe3 11. fxe3 O-O 12. Kh1 Rc8 13. a3 Na5 14. Bd3
a6 15. Qc2 f5 16. Ne5 Bh5 17. g4 Bxg4 18. Nxg4 fxg4 19. Bxh7+ Kh8 20. Bg6 Bd6
21. Rxf8+ Qxf8 1/2-1/2

[Event "Open Ricany 2012"]
[Site "http://www.openricany.cz/"]
[Date "2012.08.26"]
[Round "2.8"]
[White "Janacek, Jaroslav"]
[Black "Cerny, Martin"]
[Result "1-0"]
[WhiteElo "2020"]
[BlackElo "2185"]
[PlyCount "65"]
[EventDate "2012.??.??"]

1. e4 c5 2. c3 g6 3. d4 cxd4 4. cxd4 d5 5. e5 Nc6 6. h3 Bg7 7. Nf3 Bf5 8. Be2
Be4 9. O-O Bxf3 10. Bxf3 e6 11. Be3 Nge7 12. g4 O-O 13. Be2 f6 14. f4 fxe5 15.
fxe5 Rxf1+ 16. Bxf1 Qb6 17. Qd2 Qb4 18. Nc3 a5 19. a3 Qb3 20. Be2 Rf8 21. Rc1
Qb6 22. Na4 Qa7 23. Nc5 Nd8 24. Bb5 b6 25. Nd7 Rf7 26. Bg5 Nec6 27. Nf6+ Bxf6
28. Bxf6 Qa8 29. Qc3 Na7 30. Be8 Rf8 31. Qc7 Nf7 32. Bd7 a4 33. Be7 1-0

[Event "Open Ricany 2012"]
[Site "http://www.openricany.cz/"]
[Date "2012.08.26"]
[Round "2.9"]
[White "Balacek, Tadeas"]
[Black "Vavrinec, Tomas"]
[Result "1-0"]
[WhiteElo "2178"]
[BlackElo "2018"]
[PlyCount "81"]
[EventDate "2012.??.??"]

1. d4 e6 2. c4 d5 3. Nf3 c5 4. cxd5 exd5 5. g3 Nf6 6. Bg2 Nc6 7. O-O Be7 8. Nc3
O-O 9. dxc5 Bxc5 10. Na4 Be7 11. Be3 b6 12. Rc1 Bb7 13. Nd4 Ne5 14. Nf5 Ne4 15.
Nxe7+ Qxe7 16. b3 Rfd8 17. Bd4 Nc6 18. Qd3 Nxd4 19. Qxd4 Rac8 20. Rfd1 Qa3 21.
Rxc8 Rxc8 22. Bxe4 dxe4 23. Qd7 Ba6 24. Nc3 h6 25. Nd5 Rf8 26. Rd2 Qc1+ 27. Kg2
Qe1 28. Nc3 e3 29. fxe3 Bb7+ 30. e4 f5 31. Rd1 Qxc3 32. Qxb7 Qc2 33. Qd5+ Rf7
34. Qd8+ Rf8 35. Qd3 Qxa2 36. exf5 Re8 37. Rd2 Qa5 38. Kf3 Qa1 39. Kg2 Qe1 40.
f6 Rf8 41. Qg6 1-0

[Event "Open Ricany 2012"]
[Site "http://www.openricany.cz/"]
[Date "2012.08.26"]
[Round "2.10"]
[White "Boucek, Vlastimil"]
[Black "Sindler"]
[Result "0-1"]
[WhiteElo "2008"]
[BlackElo "2144"]
[PlyCount "108"]
[EventDate "2012.??.??"]

1. e4 c5 2. Nc3 Nc6 3. g3 g6 4. Bg2 Bg7 5. d3 d6 6. Be3 Nf6 7. h3 O-O 8. Qd2
Rb8 9. Bh6 b5 10. Bxg7 Kxg7 11. f4 Nd4 12. Nd1 Qc7 13. c3 Nc6 14. Ne2 Rd8 15.
g4 e6 16. g5 Ng8 17. h4 Nge7 18. Ne3 d5 19. e5 d4 20. Ng4 Nf5 21. Nh6 dxc3 22.
Nxf5+ exf5 23. Qxc3 Nd4 24. Nxd4 Rxd4 25. O-O Be6 26. Rac1 Qd7 27. Qxc5 Rxd3
28. b3 b4 29. Rf2 Rb5 30. Qc7 Rd1+ 31. Bf1 Rb7 32. Qxd7 Rbxd7 33. Rcc2 a5 34.
Kg2 Ra1 35. h5 gxh5 36. Bc4 Bd5+ 37. Bxd5 Rxd5 38. Rfd2 Rxd2+ 39. Rxd2 h4 40.
Kf3 Rf1+ 41. Ke3 h3 42. Rh2 Rc1 43. Kd4 Rc3 44. Kd5 h6 45. e6 fxe6+ 46. Kxe6
Kg6 47. gxh6 Re3+ 48. Kd5 Kxh6 49. Kd4 Rc3 50. Ke5 Kg6 51. Rh1 Re3+ 52. Kd5 Kh5
53. Rg1 h2 54. Rg8 h1=Q+ 0-1

[Event "Open Ricany 2012"]
[Site "http://www.openricany.cz/"]
[Date "2012.08.26"]
[Round "2.11"]
[White "Postupa, Martin"]
[Black "Vanka, Miloslav"]
[Result "0-1"]
[WhiteElo "2002"]
[BlackElo "2129"]
[PlyCount "110"]
[EventDate "2012.??.??"]

1. e4 c5 2. Nc3 Nc6 3. g3 g6 4. Bg2 Bg7 5. d3 d6 6. h3 e6 7. Nge2 Nge7 8. Be3
Nd4 9. O-O O-O 10. Qd2 Rb8 11. f4 b5 12. g4 b4 13. Nd1 f5 14. exf5 gxf5 15. g5
Bb7 16. Bxb7 Rxb7 17. Ng3 a5 18. c3 Ndc6 19. Qg2 Qb8 20. Nh5 bxc3 21. bxc3 Rb1
22. Rxb1 Qxb1 23. Nxg7 Kxg7 24. Qe2 Ng6 25. Nf2 Qb7 26. Nh1 h6 27. Bc1 Qf7 28.
Qb2 Nce7 29. Ng3 Nh4 30. Qe2 hxg5 31. fxg5 Rh8 32. d4 cxd4 33. cxd4 Nd5 34. Qh2
Qa7 35. Qf2 Qa6 36. Qe2 Qxe2 37. Nxe2 Ng6 38. Kh2 Rc8 39. Kg3 Rc2 40. Nf4 Rc3+
41. Kg2 Ndxf4+ 42. Bxf4 e5 43. dxe5 dxe5 44. Bg3 f4 45. Be1 Ra3 46. Rf2 Nh4+
47. Kf1 Rxh3 48. Bxa5 Kg6 49. Bc7 f3 50. Ke1 e4 51. Bf4 Ng2+ 52. Kd2 Nxf4 53.
Ke3 Kf5 54. Rc2 Ng2+ 55. Kd4 e3 0-1

[Event "Open Ricany 2012"]
[Site "http://www.openricany.cz/"]
[Date "2012.08.26"]
[Round "2.12"]
[White "Hadzala, Daniel"]
[Black "Havlik, Frantisek"]
[Result "1-0"]
[WhiteElo "2127"]
[BlackElo "1994"]
[PlyCount "71"]
[EventDate "2012.??.??"]

1. Nf3 Nf6 2. c4 g6 3. Nc3 Bg7 4. g3 d6 5. Bg2 O-O 6. O-O e5 7. Rb1 Nc6 8. b4
Nh5 9. b5 Ne7 10. Qb3 Kh8 11. Ne1 f5 12. Nc2 g5 13. Ba3 f4 14. c5 g4 15. cxd6
cxd6 16. Ne4 d5 17. Bxe7 Qxe7 18. Qxd5 Be6 19. Qc5 Qd7 20. Qa3 f3 21. exf3 gxf3
22. Bxf3 Rxf3 23. Qxf3 Bg4 24. Qb3 Rc8 25. Rbc1 Bh6 26. f3 Be6 27. Qb2 Qg7 28.
Ne3 Rg8 29. Ng4 Bxg4 30. fxg4 Qxg4 31. Qxe5+ Bg7 32. Qf5 Bd4+ 33. Kh1 Qe2 34.
Rce1 Nxg3+ 35. Nxg3 Qxd2 36. Qf4 1-0

[Event "Open Ricany 2012"]
[Site "http://www.openricany.cz/"]
[Date "2012.08.26"]
[Round "2.13"]
[White "Sargsyan, Karen"]
[Black "Moravec, Vit"]
[Result "1/2-1/2"]
[WhiteElo "1932"]
[BlackElo "2115"]
[PlyCount "53"]
[EventDate "2012.??.??"]

1. c4 e5 2. Nc3 Nf6 3. d3 h6 4. Nf3 Nc6 5. g3 Bc5 6. Bg2 d6 7. O-O a5 8. Be3
Bxe3 9. fxe3 O-O 10. e4 g6 11. Qd2 Kg7 12. Rac1 b6 13. Nd5 Nh7 14. d4 exd4 15.
Nxd4 Ne5 16. Qf4 Be6 17. Ne3 Bd7 18. b3 Rc8 19. h4 Nf6 20. Nd5 Nh5 21. Qf2 Ng4
22. Qf3 c6 23. Nf4 Nxf4 24. Qxf4 Qe7 25. Rcd1 Qe5 26. Rd3 Qc5 27. Kh1 1/2-1/2

[Event "Open Ricany 2012"]
[Site "http://www.openricany.cz/"]
[Date "2012.08.26"]
[Round "2.14"]
[White "Hadrava, Jaroslav"]
[Black "Pospisil, Martin"]
[Result "1-0"]
[WhiteElo "1914"]
[BlackElo "2084"]
[PlyCount "57"]
[EventDate "2012.??.??"]

1. e4 c5 2. Nf3 d6 3. d4 cxd4 4. Nxd4 Nf6 5. Nc3 g6 6. f4 Bg7 7. e5 Ng8 8. Bb5+
Kf8 9. O-O e6 10. Ne4 d5 11. Nd6 h5 12. Qd3 Ne7 13. Be8 Nbc6 14. Nxc6 bxc6 15.
Bxf7 Nf5 16. Bxg6 Nxd6 17. Qa3 Kg8 18. exd6 Bd4+ 19. Be3 Bxe3+ 20. Qxe3 Qxd6
21. Rae1 Qf8 22. Qg3 Qg7 23. Re5 Rh6 24. Bxh5 Qxg3 25. hxg3 Rb8 26. b3 Rb5 27.
Be2 Rb6 28. g4 Bd7 29. Rh5 1-0

[Event "Open Ricany 2012"]
[Site "http://www.openricany.cz/"]
[Date "2012.08.26"]
[Round "2.15"]
[White "Pospisil, Evzen"]
[Black "Danilov, Viacheslav"]
[Result "1-0"]
[WhiteElo "2083"]
[BlackElo "1900"]
[PlyCount "91"]
[EventDate "2012.??.??"]

1. d4 d5 2. Nf3 Nf6 3. g3 e6 4. Bg2 c5 5. O-O cxd4 6. Nxd4 Nc6 7. c4 Qb6 8.
Nxc6 bxc6 9. Nc3 Be7 10. Na4 Qb4 11. cxd5 cxd5 12. Bd2 Qb5 13. Nc3 Qb6 14. e4
dxe4 15. Nxe4 Bb7 16. Qa4+ Kf8 17. Nxf6 Bxf6 18. Qb4+ Qxb4 19. Bxb4+ Kg8 20.
Bxb7 Rb8 21. Rac1 g6 22. Rc8+ Kg7 23. Rc7 Bxb2 24. Rd1 Be5 25. Rcd7 Rhe8 26.
Bc5 Bf6 27. Bxa7 Rbd8 28. Rxd8 Bxd8 29. Rd7 Ba5 30. a4 g5 31. g4 h6 32. h3 Kg6
33. Bd4 e5 34. Be3 Bc3 35. Rd6+ Kg7 36. Bb6 Re7 37. Be4 Bb4 38. Rd5 Bc3 39. a5
Re6 40. Rc5 Bd4 41. Rc6 Re7 42. a6 Rd7 43. Rc7 Rd6 44. Bxd4 Rxa6 45. Bxe5+ Kf8
46. Bf5 1-0

[Event "Open Ricany 2012"]
[Site "http://www.openricany.cz/"]
[Date "2012.08.26"]
[Round "2.16"]
[White "Marikova, Jana"]
[Black "Zvara, David"]
[Result "0-1"]
[WhiteElo "1887"]
[BlackElo "2059"]
[PlyCount "74"]
[EventDate "2012.??.??"]

1. d4 Nf6 2. c4 e5 3. dxe5 Ng4 4. Bf4 Nc6 5. Nf3 Bb4+ 6. Nbd2 Qe7 7. e3 Ngxe5
8. Nxe5 Nxe5 9. Be2 O-O 10. O-O d6 11. Nf3 Bc5 12. a3 a5 13. Qd2 a4 14. Nd4 Bd7
15. Rac1 Rfe8 16. Rfd1 Qf6 17. Bxe5 Rxe5 18. Bf3 c6 19. Ne2 Rae8 20. Rc3 h5 21.
Nf4 h4 22. Kh1 Rf5 23. h3 Bc8 24. Bg4 Rg5 25. Bxc8 Rxc8 26. Qc2 Ra8 27. Rcd3
Rf5 28. R3d2 g5 29. Nd3 Bb6 30. e4 Rfa5 31. f3 Bd4 32. Nf2 c5 33. Ng4 Qf4 34.
Qd3 R5a6 35. Re2 Rb6 36. Qb1 Rb3 37. Rd3 Rxd3 0-1

[Event "Open Ricany 2012"]
[Site "http://www.openricany.cz/"]
[Date "2012.08.26"]
[Round "2.17"]
[White "Volek, Radomir"]
[Black "Havlicek, Pavel"]
[Result "1-0"]
[WhiteElo "2057"]
[BlackElo "1705"]
[PlyCount "83"]
[EventDate "2012.??.??"]

1. e4 e5 2. Nf3 Nc6 3. Bb5 Bc5 4. c3 a6 5. Ba4 b5 6. Bc2 d6 7. O-O Nge7 8. d4
exd4 9. cxd4 Bb6 10. h3 O-O 11. a3 Ng6 12. Nc3 Nce7 13. b4 Kh8 14. Bb3 f6 15.
Re1 Bb7 16. d5 Bc8 17. Nd4 Bxd4 18. Qxd4 Ne5 19. f4 N5g6 20. Ne2 Bd7 21. Qf2
Qc8 22. Bb2 Ng8 23. Rac1 Rb8 24. Rc3 Rb7 25. Ng3 Qa8 26. Rf3 Nh4 27. Rd3 Ng6
28. Nh5 Qe8 29. Rg3 Rf7 30. Bc2 Re7 31. Bb1 Rf7 32. e5 fxe5 33. Rxg6 hxg6 34.
Bxg6 Nh6 35. Qe2 Qf8 36. Bxf7 Qxf7 37. fxe5 Bf5 38. e6 Qe7 39. Nxg7 Kh7 40.
Nxf5 Nxf5 41. Qe4 Qg5 42. e7 1-0

[Event "Open Ricany 2012"]
[Site "http://www.openricany.cz/"]
[Date "2012.08.26"]
[Round "2.18"]
[White "Rihova, Kamila"]
[Black "Kovar, Josef"]
[Result "0-1"]
[WhiteElo "1672"]
[BlackElo "2052"]
[PlyCount "60"]
[EventDate "2012.??.??"]

1. e4 c5 2. Nf3 g6 3. d4 cxd4 4. Nxd4 Nf6 5. Nc3 Nc6 6. Be3 Bg7 7. Be2 O-O 8.
O-O d6 9. Qd2 Ng4 10. Nxc6 bxc6 11. Bg5 Rb8 12. Rab1 Qc7 13. h3 Nf6 14. Bh6 Rb4
15. Bxg7 Kxg7 16. a3 Rb8 17. Qe3 Qa5 18. Rfd1 Be6 19. Bf3 Nd7 20. Ne2 Ne5 21.
Nd4 Qb6 22. Be2 c5 23. Nxe6+ fxe6 24. b4 cxb4 25. Qxb6 Rxb6 26. Rxb4 Rc6 27. c4
Rfc8 28. Rd4 Rc5 29. Rb7 Kf6 30. Rxa7 Nc6 0-1

[Event "Open Ricany 2012"]
[Site "http://www.openricany.cz/"]
[Date "2012.08.26"]
[Round "2.19"]
[White "Sodoma, Jan"]
[Black "Vlcek, Marek"]
[Result "1-0"]
[WhiteElo "2386"]
[BlackElo "1952"]
[PlyCount "105"]
[EventDate "2012.??.??"]

1. d4 Nf6 2. c4 e5 3. dxe5 Ng4 4. Bf4 Nc6 5. Nf3 Bc5 6. e3 Bb4+ 7. Nbd2 f6 8.
exf6 Qxf6 9. a3 Bxd2+ 10. Qxd2 d6 11. Be2 O-O 12. O-O a5 13. c5 Be6 14. cxd6
cxd6 15. h3 Nge5 16. Qxd6 Ng6 17. Bg5 Qf7 18. Rac1 h6 19. e4 a4 20. Be3 Rfd8
21. Qg3 Kh7 22. Rfe1 Qf6 23. Rc3 Rac8 24. Rec1 Nce7 25. Bd3 Rxc3 26. Rxc3 Qf7
27. Nd4 Nc6 28. Nxc6 bxc6 29. f4 Bb3 30. e5 Be6 31. Bb6 Rc8 32. Kh2 Bf5 33. Be3
Bxd3 34. Rxd3 Qf5 35. Rd4 Qc2 36. Rd7 Rg8 37. Rb7 c5 38. h4 c4 39. h5 Nf8 40.
Qf3 c3 41. bxc3 Qxc3 42. Qe4+ Kh8 43. e6 Qf6 44. f5 Nh7 45. Rf7 Qd8 46. e7 Qe8
47. Qe6 Nf6 48. Bc5 Nh7 49. Bd4 Qb8+ 50. Be5 Qe8 51. f6 g6 52. Rg7 Nxf6 53.
Qxf6 1-0

[Event "Open Ricany 2012"]
[Site "http://www.openricany.cz/"]
[Date "2012.08.26"]
[Round "2.20"]
[White "Rehorek, Martin"]
[Black "Franek, Jan"]
[Result "1-0"]
[WhiteElo "2310"]
[BlackElo "1979"]
[PlyCount "81"]
[EventDate "2012.??.??"]

1. Nf3 Nf6 2. c4 g6 3. b4 Bg7 4. Bb2 O-O 5. e3 d5 6. cxd5 Nxd5 7. Bxg7 Kxg7 8.
Qb3 Qd6 9. a3 e5 10. Nc3 c6 11. Rc1 f5 12. Nxd5 cxd5 13. Qc3 Nd7 14. Bb5 Kf6
15. O-O a6 16. Bxd7 Bxd7 17. Qc7 Qxc7 18. Rxc7 Rf7 19. Rxb7 Bb5 20. Rb6+ Kg7
21. Rc1 e4 22. Ng5 Re7 23. Rc5 Bc4 24. h4 Raa7 25. Ne6+ Kf7 26. Ng5+ Kg7 27. a4
Rad7 28. Ne6+ Kf7 29. Ng5+ Kg7 30. a5 Bb5 31. h5 Kh6 32. Ne6 Kxh5 33. Nf4+ Kg5
34. Nxd5 Re5 35. Nc3 Rxc5 36. bxc5 Rxd2 37. Nxb5 axb5 38. Rxb5 Kf6 39. c6 Ke7
40. Rb7+ Kd8 41. a6 1-0

[Event "Open Ricany 2012"]
[Site "http://www.openricany.cz/"]
[Date "2012.08.26"]
[Round "2.21"]
[White "Haba, Zdenek"]
[Black "Tvrdy, Jindrich"]
[Result "1/2-1/2"]
[WhiteElo "2236"]
[BlackElo "1908"]
[PlyCount "65"]
[EventDate "2012.??.??"]

1. d4 d5 2. c4 c6 3. Nf3 Nf6 4. Nbd2 Bg4 5. Ne5 Bf5 6. Qb3 Qb6 7. c5 Qxb3 8.
Nxb3 Nfd7 9. Nf3 e5 10. e3 Be7 11. dxe5 Nxc5 12. Nxc5 Bxc5 13. Bd2 Nd7 14. Nd4
Bg6 15. Rc1 Be7 16. f4 Be4 17. Rg1 h5 18. Be2 Nc5 19. Rc3 Ne6 20. a3 Kd7 21.
Bf3 f5 22. Bxe4 fxe4 23. Ke2 c5 24. Nb3 g6 25. Rd1 c4 26. Nd4 Nxd4+ 27. exd4 b5
28. Rg3 Rhg8 29. Rf1 Ke6 30. Rxg6+ Rxg6 31. f5+ Kf7 32. fxg6+ Kxg6 33. Ba5
1/2-1/2

[Event "Open Ricany 2012"]
[Site "http://www.openricany.cz/"]
[Date "2012.08.26"]
[Round "2.22"]
[White "Havelka, Petr"]
[Black "Sedy, Pavel"]
[Result "0-1"]
[WhiteElo "1889"]
[BlackElo "2131"]
[PlyCount "64"]
[EventDate "2012.??.??"]

1. d4 d5 2. c4 e6 3. Nf3 Nf6 4. Nc3 Be7 5. Bg5 O-O 6. e3 b6 7. cxd5 exd5 8. Be2
h6 9. Bh4 Bf5 10. Rc1 a6 11. Ne5 Qd6 12. Bg3 Qe6 13. Nd3 Ra7 14. Qa4 Qd7 15.
Qxd7 Nbxd7 16. Ne5 Nb8 17. O-O Rd8 18. Na4 Ne4 19. f3 Nxg3 20. hxg3 f6 21. Nd3
Bd6 22. Kf2 Re8 23. Nf4 Bd7 24. Nc3 c6 25. Bd3 a5 26. a4 Na6 27. Rh1 Nb4 28.
Bb1 Bc8 29. Rce1 Ba6 30. Bf5 Bc4 31. Be6+ Rxe6 32. Nxe6 Nd3+ 0-1

[Event "Open Ricany 2012"]
[Site "http://www.openricany.cz/"]
[Date "2012.08.26"]
[Round "2.23"]
[White "Kratochvil, Jakub"]
[Black "Pycha, Patrik"]
[Result "1-0"]
[WhiteElo "2152"]
[BlackElo "1925"]
[PlyCount "41"]
[EventDate "2012.??.??"]

1. e4 e6 2. d4 d5 3. Nc3 Bb4 4. e5 c5 5. a3 Bxc3+ 6. bxc3 Ne7 7. Nf3 b6 8. a4
Ba6 9. Bxa6 Nxa6 10. O-O Nb8 11. Ba3 Qc7 12. Qd3 O-O 13. Ng5 Ng6 14. f4 Rc8 15.
f5 exf5 16. Qxf5 Rf8 17. e6 fxe6 18. Qxe6+ Kh8 19. Rxf8+ Nxf8 20. Nf7+ Kg8 21.
Nh6+ 1-0

[Event "Open Ricany 2012"]
[Site "http://www.openricany.cz/"]
[Date "2012.08.26"]
[Round "2.24"]
[White "Vesecky, Martin"]
[Black "Eisner, Oldrich"]
[Result "1-0"]
[WhiteElo "2114"]
[BlackElo "1833"]
[PlyCount "57"]
[EventDate "2012.??.??"]

1. d4 Nf6 2. Nf3 g6 3. c4 Bg7 4. Nc3 O-O 5. e4 d6 6. Be2 e5 7. O-O Na6 8. Bg5
Qe8 9. d5 Nh5 10. g3 Bh3 11. Re1 f5 12. exf5 Bxf5 13. Nd2 Nf6 14. Bf3 Qc8 15.
Bxf6 Bxf6 16. Nde4 b6 17. a3 Nc5 18. b4 Nxe4 19. Nxe4 Bxe4 20. Rxe4 a5 21. Bg4
Qd8 22. Be6+ Kh8 23. b5 Qe7 24. Qg4 Bg7 25. Kg2 Qf6 26. Rf1 g5 27. Qe2 Qg6 28.
h4 h6 29. Rh1 {dale necitelne} 1-0

[Event "Open Ricany 2012"]
[Site "http://www.openricany.cz/"]
[Date "2012.08.26"]
[Round "2.25"]
[White "Konvalinka, Vladislav"]
[Black "Skacel, Jan"]
[Result "1/2-1/2"]
[WhiteElo "1908"]
[BlackElo "2105"]
[PlyCount "79"]
[EventDate "2012.??.??"]

1. d4 Nf6 2. c4 g6 3. Nc3 d5 4. Bg5 Ne4 5. Bh4 Nxc3 6. bxc3 Bg7 7. e3 dxc4 8.
Bxc4 O-O 9. Nf3 Nc6 10. O-O Na5 11. Be2 c5 12. Nd2 Be6 13. Qa4 b6 14. Rac1 cxd4
15. cxd4 Rc8 16. Ba6 Rxc1 17. Rxc1 h6 18. Qa3 g5 19. Bg3 Bd5 20. e4 Ba8 21. d5
e5 22. Qc3 Qe7 23. Nf1 Bb7 24. Bxb7 Nxb7 25. Ne3 Nd6 26. Qa3 Qd7 27. f3 Rd8 28.
Rc6 Nb5 29. Qc1 Nd4 30. Qc4 Nxc6 31. dxc6 Qd4 32. Qxd4 exd4 33. Nd5 Bf8 34. Be5
Rc8 35. Nf6+ Kg7 36. c7 Kg6 37. g4 Bc5 38. Kf1 a5 39. Kf2 b5 40. Nd5 1/2-1/2

[Event "Open Ricany 2012"]
[Site "http://www.openricany.cz/"]
[Date "2012.08.26"]
[Round "2.26"]
[White "Starek, Stanislav"]
[Black "Lacha, Jan"]
[Result "1/2-1/2"]
[WhiteElo "2052"]
[BlackElo "1891"]
[PlyCount "36"]
[EventDate "2012.??.??"]

1. d4 e6 2. c4 f5 3. Nc3 Nf6 4. Nf3 d5 5. g3 c6 6. Bg2 Bd6 7. O-O O-O 8. b3 b6
9. Qc2 Bb7 10. a4 a5 11. Ba3 Bxa3 12. Rxa3 Qe7 13. Raa1 Nbd7 14. Rad1 Ne4 15.
e3 Rac8 16. Ne2 g5 17. Ne1 h5 18. Nd3 c5 1/2-1/2

[Event "Open Ricany 2012"]
[Site "http://www.openricany.cz/"]
[Date "2012.08.26"]
[Round "2.27"]
[White "Vorobyov, Yrij"]
[Black "Vitek, Jan"]
[Result "1-0"]
[WhiteElo "2254"]
[BlackElo "1882"]
[PlyCount "67"]
[EventDate "2012.??.??"]

1. Nf3 Nf6 2. c4 g6 3. b3 Bg7 4. Bb2 O-O 5. g3 c5 6. Bg2 Nc6 7. O-O d6 8. d4
cxd4 9. Nxd4 Nxd4 10. Bxd4 Rb8 11. Bxa7 Ra8 12. Bd4 e5 13. Bb2 Rb8 14. Nc3 Qe7
15. Qd2 Rd8 16. Rfd1 Ne8 17. Nd5 Qf8 18. a4 Be6 19. a5 Bxd5 20. Qxd5 Nc7 21.
Qd2 f5 22. Bd5+ Nxd5 23. Qxd5+ Qf7 24. Qxf7+ Kxf7 25. Rd5 Bf6 26. Rad1 e4 27.
Bxf6 Kxf6 28. Rb5 h5 29. Rb6 Ke7 30. Rb5 Rd7 31. c5 Rc8 32. cxd6+ Rxd6 33. Rxd6
Kxd6 34. Rxb7 1-0

[Event "Open Ricany 2012"]
[Site "http://www.openricany.cz/"]
[Date "2012.08.26"]
[Round "2.28"]
[White "Postupa, Pavel ml"]
[Black "Rezac, Jindrich"]
[Result "1-0"]
[WhiteElo "2141"]
[BlackElo "1874"]
[PlyCount "113"]
[EventDate "2012.??.??"]

1. e4 e5 2. Nf3 Nc6 3. Bb5 d6 4. O-O Nf6 5. Re1 Bd7 6. c3 a6 7. Ba4 Be7 8. d4
exd4 9. cxd4 O-O 10. Nc3 Bg4 11. Bxc6 bxc6 12. Qd3 Nd7 13. b3 c5 14. Bb2 Bxf3
15. gxf3 cxd4 16. Qxd4 Bf6 17. Qe3 Nc5 18. f4 Re8 19. Rad1 Nxe4 20. Nxe4 Bxb2
21. Qd3 Qh4 22. Qf3 Rab8 23. Ng3 g6 24. Re2 Bg7 25. Rde1 Rxe2 26. Rxe2 Qf6 27.
Kg2 h6 28. Rc2 c5 29. f5 Qg5 30. h4 Qf6 31. h5 Re8 32. Qc6 Re1 33. hxg6 fxg6
34. Rd2 Bf8 35. fxg6 Qxg6 36. Qxa6 h5 37. Qc4+ Kh7 38. Rd5 Re5 39. Rxe5 dxe5
40. Qh4 Kh6 41. Qd8 Bg7 42. Qe7 Qc6+ 43. Kg1 Qg6 44. Kh2 Qg4 45. Qd6+ Kh7 46.
Qd3+ Kh8 47. Qe4 Qg5 48. Qf3 Qh4+ 49. Kg2 Qd4 50. Qxh5+ Kg8 51. Qf3 Qd2 52. a4
Qc2 53. Qd5+ Kh8 54. a5 e4 55. Qh5+ Kg8 56. Qe8+ Kh7 57. Qxe4+ 1-0

[Event "Open Ricany 2012"]
[Site "http://www.openricany.cz/"]
[Date "2012.08.26"]
[Round "2.29"]
[White "Koys, Milan"]
[Black "Cizek, Ondrej"]
[Result "0-1"]
[WhiteElo "2104"]
[BlackElo "1869"]
[PlyCount "82"]
[EventDate "2012.??.??"]

1. e4 e5 2. Nf3 Nc6 3. Bb5 a6 4. Ba4 d6 5. d4 b5 6. Bb3 Nxd4 7. Nxd4 exd4 8.
Bd5 Rb8 9. Qxd4 c5 10. Qd3 Nf6 11. Bc6+ Bd7 12. Bxd7+ Qxd7 13. O-O Be7 14. a4
O-O 15. axb5 axb5 16. Nc3 Rfe8 17. Rd1 Qc6 18. Bf4 b4 19. Nd5 Nxd5 20. Qxd5
Qxd5 21. Rxd5 Bf6 22. Bxd6 Bxb2 23. Rad1 Rbc8 24. Bxc5 Bc3 25. f3 g6 26. Kf1
Ra8 27. Ke2 f5 28. Kd3 fxe4+ 29. fxe4 Ra3 30. Rb1 Bb2+ 31. Kc4 Rc3+ 32. Kb5
Rb8+ 33. Kc6 Rxc2 34. Kc7 Rf8 35. Kb7 Rf7+ 36. Kb6 Bc3 37. g3 Rxh2 38. Kc6 Re2
39. Rd8+ Kg7 40. Re8 Rc7+ 41. Kb5 Rg2 0-1